000
00307nam a22001457a 4500
020
_a
81-8482-318-5
082
_a
823
_b
FER/T
100
_a
FERNANDES
245
_a
TANTRI THE MANTRI
260
_b
TINKLE
300
_a
72
520
_a
ENGLISH SHORT STORIES
650
_a
ENGLISH SHORT STORIES
942
_c
BK
999
_c
5116
_d
5116